Wille and Millin's Mercantile Law of South Africa / (Record no. 743)

MARC details
000 -LEADER
fixed length control field 00580nam a22001817a 4500
005 - DATE AND TIME OF INPUT
control field 20231116144648.0
008 - DATA ELEMENTS--GENERAL INFORMATION
fixed length control field 231116b |||||||| |||| 00| 0 eng d
020 ## - INTERNATIONAL STANDARD BOOK NUMBER
International Standard Book Number 0620073470
041 ## - LANGUAGE CODE
Language code of text English
082 ## - SHELF NUMBER
DDC number 343.8 MIL
100 ## - MAIN AUTHOR
Main author's name Millin, P and Wille, G
Language of a work English
245 ## - TITLE STATEMENT
Title Wille and Millin's Mercantile Law of South Africa /
Statement of responsibility, etc. P Millin and G Wille
250 ## - EDITION STATEMENT
Edition statement Eighteenth Edition
260 ## - PUBLICATION, DISTRIBUTION, ETC.
Place of publication, distribution, etc. Johannesburg :
Name of publisher, distributor, etc. Hortors Limited,
Date of publication, distribution, etc. 1984
300 ## - PHYSICAL DESCRIPTION
Other physical details civ, 951 pages ;
Dimensions 26 cm.
650 ## - SUBJECT`
Broad subject Legal practice
Own subject terms Law
942 ## - ADDED ENTRY ELEMENTS (KOHA)
Item type Books
942 ## - ADDED ENTRY ELEMENTS (KOHA)
-- ALISON_BN_VRIES
Holdings
Source of classification or shelving scheme Not for loan Collection code Home library Current library Shelving location Date acquired Full call number Barcode Price effective from Koha item type
Dewey Decimal Classification   TEXT BOOKS LAW SOCIETY OF NAMIBIA LIBRARY - WINDHOEK LAW SOCIETY OF NAMIBIA LIBRARY - WINDHOEK The law of South Africa (laws) 11/16/2023 343.8 MIL LSN/1988/47 11/16/2023 Books